000
00291nam a2200097Ia 4500
005
20250424112929.0
008
250424s9999 xx 000 0 und d
300
_a
volumes , 3195 p. : illustrations ; 23 cm.
650
_a
Finance--Periodicals. Finance--United States--Periodicals.
942
_c
SR
999
_c
37948
_d
37948